[Event "CRO-chT (Women) 30th"]
[Site "Porec"]
[Date "2022.10.01"]
[Round "9.4"]
[White "Bernat, Elizabeta"]
[Black "Smetisko, Renata"]
[Result "1/2-1/2"]
[WhiteElo "1132"]
[BlackElo "1273"]
[PlyCount "134"]
[EventDate "2022.09.24"]
[EventType "team-tourn"]
[EventRounds "9"]
[EventCountry "CRO"]
[SourceTitle "CBM 210 Extra"]
[Source "ChessBase"]
[SourceDate "2022.11.30"]
[SourceVersion "1"]
[SourceVersionDate "2022.11.30"]
[SourceQuality "1"]
[WhiteTeam "Velimirovac Radnik (W)"]
[BlackTeam "Zagreb Ericsson Tesla (W)"]
[WhiteTeamCountry "CRO"]
[BlackTeamCountry "CRO"]

1. e4 e5 2. Nf3 Nc6 3. Bc4 d6 4. c3 Bg4 5. d3 h6 6. Nbd2 Nf6 7. 0-0 a6 8. Re1 Be7 9. Nf1 d5 10. Bb3 dxe4 11. dxe4 Qxd1 12. Bxd1 Rd8 13. Ng3 Bc5 14. h3 Be6 15. Be3 Bb6 16. Bxb6 cxb6 17. Bc2 g5 18. Rad1 g4 19. hxg4 Bxg4 20. Rxd8+ Kxd8 21. Nh4 Kc7 22. Bb3 Be6 23. Bxe6 fxe6 24. Rd1 Rg8 25. Nf3 h5 26. Kf1 Rg4 27. Nd2 h4 28. Ne2 Nxe4 29. f3 Nxd2+ 30. Rxd2 Rg7 31. Kf2 Rf7 32. Ke3 Ne7 33. Ke4 Rg7 34. Ng1 Ng6 35. Nh3 Rd7 36. Rxd7+ Kxd7 37. b3 Kd6 38. c4 b5 39. cxb5 axb5 40. b4 Ke7 41. Ke3 Kf6 42. Ke4 Ne7 43. f4 exf4 44. Nxf4 Ng6 45. Nh3 e5 46. a3 b6 47. Kf3 Kf5 48. g4+ Ke6 49. Ke4 Ne7 50. Ng5+ Kf6 51. Nh3 Nc6 52. g5+ Ke6 53. g6 Kf6 54. Kd5 Ne7+ 55. Kd6 Nxg6 56. Kc6 e4 57. Kxb6 e3 58. Ng1 Ne5 59. Kxb5 h3 60. Ne2 h2 61. Ng3 e2 62. Ne4+ Ke7 63. Kc5 e1Q 64. b5 Qxe4 65. a4 Qxa4 66. b6 h1Q 67. b7 Qxb7 1/2-1/2

[Event "CRO-chT U18 Girls"]
[Site "Cakovec"]
[Date "2019.12.30"]
[Round "5.3"]
[White "Bernat, Elizabeta"]
[Black "Bevanda, Lorena"]
[Result "1/2-1/2"]
[WhiteElo "1114"]
[BlackElo "1426"]
[PlyCount "92"]
[EventDate "2019.12.27"]
[EventType "team-tourn"]
[EventRounds "5"]
[EventCountry "CRO"]
[SourceTitle "CBM 194 Extra"]
[Source "ChessBase"]
[SourceDate "2020.03.31"]
[SourceVersion "1"]
[SourceVersionDate "2020.03.31"]
[SourceQuality "1"]

1. e4 e5 2. Nf3 Nc6 3. Bc4 Be7 4. 0-0 Nf6 5. d3 d6 6. h3 Na5 7. Bb3 0-0 8. Bd2 Nxb3 9. axb3 a6 10. Nc3 Re8 11. Re1 Bf8 12. Qe2 g6 13. Rad1 Bg7 14. Bg5 Qd7 15. Qe3 d5 16. Qd2 Qc6 17. Bxf6 d4 18. Bxg7 dxc3 19. Qxc3 Qxc3 20. bxc3 Kxg7 21. Ng5 h6 22. Nf3 Bd7 23. Re3 Bc6 24. Nd2 Rad8 25. Nc4 b6 26. Ra1 a5 27. Rg3 Bb5 28. Ne3 Bc6 29. Nc4 Ra8 30. Re3 a4 31. bxa4 Rxa4 32. Rxa4 Bxa4 33. Re2 Bb5 34. Ne3 Ra8 35. Re1 Ra2 36. Rc1 Bc6 37. Ng4 f6 38. Ne3 b5 39. Rb1 Be8 40. Kf1 c5 41. Ke2 Ra3 42. c4 b4 43. Rb3 Ba4 44. Rb2 Kf7 45. Kd2 h5 46. Nd5 Ra1 1/2-1/2

[Event "CRO-chT U18 Girls"]
[Site "Cakovec"]
[Date "2019.12.27"]
[Round "1.3"]
[White "Bernat, Elizabeta"]
[Black "Krpan, Lucija"]
[Result "1-0"]
[WhiteElo "1114"]
[BlackElo "1665"]
[PlyCount "65"]
[EventDate "2019.12.27"]
[EventType "team-tourn"]
[EventRounds "5"]
[EventCountry "CRO"]
[SourceTitle "CBM 194 Extra"]
[Source "ChessBase"]
[SourceDate "2020.03.31"]
[SourceVersion "1"]
[SourceVersionDate "2020.03.31"]
[SourceQuality "1"]

1. e4 e5 2. Nf3 Nf6 3. Nxe5 Nxe4 4. Qe2 Nf6 5. Nc6+ Be7 6. Nxd8 Kxd8 7. d3 c6 8. Bg5 d5 9. Qe3 Nbd7 10. Be2 h6 11. Bf4 c5 12. 0-0 d4 13. Qg3 b6 14. Qxg7 Rg8 15. Qxf7 Rh8 16. Re1 Rf8 17. Qg7 Ne8 18. Qxh6 Rf6 19. Qg5 Rf7 20. Qd5 Rxf4 21. Qxa8 Nc7 22. Qc6 Ne5 23. Qh6 Rh4 24. Bh5 Bd6 25. Qg5+ Be7 26. Qxe5 Bd7 27. Qxe7+ Kc8 28. Qxh4 Ne6 29. Bg4 Nf4 30. Bxd7+ Kxd7 31. Qxf4 Kc8 32. Re7 Kd8 33. Qf8# 1-0

[Event "CRO-ch U11 Girls"]
[Site "Trogir"]
[Date "2019.06.18"]
[Round "3"]
[White "Bernat, Elizabeta"]
[Black "Hajdinic, Ema"]
[Result "0-1"]
[WhiteElo "1796"]
[BlackElo "1608"]
[PlyCount "74"]
[EventDate "2019.06.17"]
[EventType "swiss"]
[EventRounds "9"]
[EventCountry "CRO"]
[SourceTitle "EXT 2020"]
[Source "ChessBase"]
[SourceDate "2019.10.17"]
[SourceVersion "1"]
[SourceVersionDate "2019.10.17"]
[SourceQuality "1"]

1. e4 e5 2. Nf3 Nc6 3. Bc4 Nf6 4. Ng5 d5 5. exd5 Na5 6. Bb5+ c6 7. dxc6 bxc6 8. Be2 h6 9. Nf3 e4 10. Ne5 Bd6 11. Ng4 Nd5 12. d3 Qe7 13. 0-0 0-0 14. Re1 f5 15. Ne3 f4 16. Nxd5 cxd5 17. Nc3 f3 18. gxf3 exf3 19. Bxf3 Qh4 20. Bxd5+ Kh8 21. Be3 Qxh2+ 22. Kf1 Bh3+ 23. Ke2 Bg4+ 24. Kd2 Bxd1 25. Bxa8 Bg4 26. Be4 Bf4 27. Bxf4 Qxf4+ 28. Re3 Qxf2+ 29. Ne2 Rd8 30. b4 Nc4+ 31. Kc3 Nxe3 32. Nd4 Qf6 33. Kb3 Qxd4 34. c3 Be6+ 35. Kb2 Qf6 36. Rb1 Qf2+ 37. Ka3 Qxa2# 0-1

[Event "CRO-ch U11 Girls"]
[Site "Trogir"]
[Date "2019.06.17"]
[Round "2"]
[White "Gretic, Tina"]
[Black "Bernat, Elizabeta"]
[Result "1-0"]
[WhiteElo "1151"]
[BlackElo "1796"]
[PlyCount "55"]
[EventDate "2019.06.17"]
[EventType "swiss"]
[EventRounds "9"]
[EventCountry "CRO"]
[SourceTitle "EXT 2020"]
[Source "ChessBase"]
[SourceDate "2019.10.17"]
[SourceVersion "1"]
[SourceVersionDate "2019.10.17"]
[SourceQuality "1"]

1. e4 e5 2. Nf3 Nc6 3. d4 exd4 4. Bc4 Be7 5. Nxd4 d6 6. Nxc6 bxc6 7. 0-0 Nf6 8. Nc3 0-0 9. h3 Re8 10. Re1 Bb7 11. Bf4 Qd7 12. e5 Nd5 13. Bxd5 cxd5 14. Nxd5 Bxd5 15. Qxd5 Rab8 16. b3 c6 17. Qd3 Rbd8 18. exd6 Bxd6 19. Rxe8+ Rxe8 20. Qxd6 Qxd6 21. Bxd6 Rd8 22. Re1 h6 23. Bf4 g6 24. Bxh6 Rd7 25. Bg5 Rd5 26. Bf6 Ra5 27. Re8+ Kh7 28. Rh8# 1-0